000 00509nam a2200181Ia 4500
003 OSt
005 20260325152110.0
008 190216s9999||||xx |||||||||||||| ||und||
020 _a9798184230030
040 _coclc
082 _a894.8123
_bALA/C
100 _aAlanahally, Srikrishna
_96086
245 0 _aChumar /
_cSrikrishna Alanahally
260 _bGreen Books,
_aThrissur:
_c2006.
300 _a116p
650 _aMalayalam
942 _cBK
_2ddc
_h894.8123
_iALA/C
_k894.8123
_mALA/C
999 _c28648
_d28648